000 00968nam a22003137a 4500
001 0000187
003 KOHA_MİRAKIL
005 20260207001202.0
007 ta
008 081212b2003 tu |||gr||||#||||0|tur |
020 _a9755915729
_c24,69
040 _aTR-BiSEU
_btur
_cTR-BiSEU
_erda
041 0 _atur
044 _ctu
050 _aT57.7
_b.B35 2003
100 1 _aBakır, M. Akif.
245 1 _aTamsayılı programlama/
_cM. Akif Bakır ; Bülent Altunkaynak.
264 1 _aAnkara :
_bNobel Yayınları
_c2003
300 _axiv, 630 sayfa
336 _ametin
_btxt
_2rdacontent
337 _aaracısız
_bn
_2rdamedia
338 _acilt
_bnc
_2rdacarrier
490 1 _aNobel Yayın No ;
_v592 Teknik ve Matematik Dizi No ;
_v80
500 _aKaynakça ve dizin var.
650 0 _aTamsayılı programlama.
_92029
650 0 _aInteger programming.
_92030
830 1 _aNobel Yayın No ;
_v592 Teknik ve Matematik Dizi No ;
_v80
_91595
942 _2lcc
_cBK
999 _c188
_d188